| 000 | 00708cam a2200241u 4500 | ||
|---|---|---|---|
| 001 | 19877 | ||
| 003 | BD-RjUL | ||
| 005 | 20211209000505.0 | ||
| 008 | 140226r19511924enk 001 0 eng | ||
| 035 | _a(BD-RjUL)19938 | ||
| 040 |
_aDLC _cCarP _dDLC _dBD-RjUL _beng |
||
| 041 | _aeng | ||
| 082 | 0 | 0 |
_a821.51 _bPOC 1951 |
| 100 | 1 |
_aPope, Alexander, _d1688-1744. _955318 |
|
| 245 | 1 | 0 |
_aCollected poems / _cAlexander Pope. |
| 260 |
_aLondon : _bJ. M. Dent & sons, ltd., _c1924 [Reprinted1951] |
||
| 300 |
_axx, 396 p. ; _c18 cm. |
||
| 504 | _aIncludes index. | ||
| 650 | 0 |
_a English poetry -- 18th century _vIndividual author. _961046 |
|
| 942 |
_2ddc _cBK |
||
| 999 |
_c19877 _d19877 |
||